ბათუმის შოთა რუსთაველის სახელმწიფო უნივერსიტეტის ბიბლიოთეკა

The Study of Georgian Youth's Awareness, Perceptions and Attitudes of Gender Equality / (ბიბ.ჩანაწერი № 53496)

000 -ლიდერი
ფიქსირებული სიგრძის საკონტროლო ველი 01632nam a2200325Ia 4500
001 - საკონტროლო ნომერი
საკონტროლო ველი 20542
003 - საკონტროლო ნომრის იდენტიფიკატორი
საკონტროლო ველი GE_BSU
005 - ბოლო ოპერაციის თარიღი და დრო
საკონტროლო ველი 20210204150049.0
008 - ფიქსირებული სიგრძის მონაცემთა ელემენტები - ზოგადი ინფორმაცია
ფიქსირებული სიგრძის საკონტროლო ველი 181216s2014||||ge |||||||||||||| ||geo||
020 ## - წიგნის საერთაშორისო სტანდარტული ნომერი
International Standard Book Number 9789941457081
040 ## - კატალოგიზაციის წყარო
Transcribing agency GE_BSU
041 ## - ენის კოდი
Language code of text/sound track or separate title geo
080 ## - უნივერსალური ათობითი კლასიფიკაციის ინდექსი
Universal Decimal Classification number 316.346.2 T-44
100 ## - მთავარი ჩანაწერი - პიროვნების სახელი
Personal name
9 (RLIN) 10096
245 #4 - ცნობა სათაურის შესახებ
Title The Study of Georgian Youth's Awareness, Perceptions and Attitudes of Gender Equality /
Statement of responsibility, etc Elene Japaridze, Maia Barkaia, Nina Zhghenti, Mariam Amashuk ; Georgian Language ed. Lia Katcharava ; transl. : Diana Lezhava, Beqa Lezhava. eli ;
264 ## - წარმოების, გამოცემის, დისტრიბუციის და სხვა ცნობები
გამოცემის, წარმოების, დისტრიბუციის... ადგილი Tbilisi :
გამოცემის, წარმოების, დისტრიბუციის... სახელწოდება Nekeri,
გამოცემის, წარმოების, დისტრიბუციის... თარიღი 2014.
300 ## - ფიზიკური აღწერა
Extent 240 p. ;
Dimensions 20 cm.
504 ## - BIBLIOGRAPHY, ETC. NOTE
Bibliography, etc Bibl. : p. 225-230
546 ## - LANGUAGE NOTE
Language note გარეკანზე სათაური აგრეთვე ქართულ ენაზე ; ტექსტი ინგლისურ და ქართულ ენებზე
653 ## - INDEX TERM--UNCONTROLLED
Uncontrolled term The Study of Georgian Youth's Awareness, Perceptions and Attitudes of Gender Equality
653 ## - INDEX TERM--UNCONTROLLED
Uncontrolled term გენდერული თანასწორობა საქართველოში
700 ## - ADDED ENTRY--PERSONAL NAME
Personal name Japaridze, Elene
Relator term Author
9 (RLIN) 10097
700 ## - ADDED ENTRY--PERSONAL NAME
Personal name Barkaia, Maia
Relator term Author
9 (RLIN) 10098
700 ## - ADDED ENTRY--PERSONAL NAME
Personal name Zhghenti, Nina
Relator term Author
9 (RLIN) 10099
700 ## - ADDED ENTRY--PERSONAL NAME
Personal name Amashukeli, Mariam
Relator term Author
9 (RLIN) 10100
700 ## - ADDED ENTRY--PERSONAL NAME
Personal name Katcharava, Lia
Relator term Georgian Language editor
9 (RLIN) 10101
700 ## - ADDED ENTRY--PERSONAL NAME
Personal name Lezhava, Diana
Relator term Translate
9 (RLIN) 10102
700 ## - ADDED ENTRY--PERSONAL NAME
Personal name Lezhava, Beqa
Relator term Translate
9 (RLIN) 10103
942 ## - ADDED ENTRY ELEMENTS (KOHA)
Koha item type წიგნი
Source of classification or shelving scheme
ეგზემპლარები
ჩამოწერის სტატუსი დაკარგული ეგზემპლარის სტატუსი კლასიფიკაციის წყარო ან თაროზე გაწყობის სქემა დაზიანების სტატუსი არ გაიცემა მუდმივი მდებარეობა (დაცვის ადგილი) ამჟამინდელი ადგილსამყოფელი თაროზე განთავსების ადგილი შეძენის თარიღი სრული შენახვის შიფრი შტრიხკოდი ბოლო ოპერაციის თარიღი ეგზემპლარის მიმდევრობითი ნომერი (კეტერი?) ფასის ძალაში შესვლის თარიღი ეგზემპლარის სახეობა
          ბათუმის შოთა რუსთაველის სახელმწიფო უნივერსიტეტის მთავარი ბიბლიოთეკა ბათუმის შოთა რუსთაველის სახელმწიფო უნივერსიტეტის მთავარი ბიბლიოთეკა წიგნსაცავი 2018-12-17 316.346.2 T-44 53570 2018-12-17 53570 2018-12-17 წიგნი